000 00724nam a22002537a 4500
005 20170123162333.0
010 _a696798
020 _c10.00
035 _a696798
037 _bCen Lib/Ret
040 _aDPL
_bUR
082 _aن
_bز ب ی
100 _aزبیدہ سلطانہ
_914097
245 _aمہلاقا /
_cزبیدہ سلطانہ
246 _aMahlaqa /
_bby Zubeda Sulatana
260 _bآغہ بک ڈیپو
_c1972
_aلکھنوو
270 _bلکھنوو
300 _a381p.
_c18cm(Hb)
650 _aادب -- اردو
_9122770
650 _aاردوناول
_9122771
650 _aLiterature -- Urdu
_9122772
650 _aUrdu novel
_9122773
942 _2ddc
_cUR
_hن
_mز ب ی
999 _c107950
_d107950